000 00604nam a2200253Ia 4500
005 20250203055739.0
008 240331s9999 xx 000 0 und d
020 _a0415904331
082 _bPAR
_22216
_a305.4
245 0 _aNationalism and Sexualities
260 _aNew York;
_aLondon
_bRoutledge
_c1992
300 _axi, 451 p.,
650 _aSexuality
650 _aWomen
650 _aNationalism
650 _aFeminism
650 _aGender
650 _aRace
700 _aParker, A
_eedt
700 _aRusso, M
_eedt
700 _aSommer, D
_eedt
700 _aYaeger, P
_eedt
942 _cL
999 _c1677
_d1677